[Event "Int. Stuttgarter Stadtmeisterschaft A"]
[Site "Ditzingen"]
[Date "2014.05.30"]
[Round "4.11"]
[White "Kvetny, Mark"]
[Black "Reck, Moritz"]
[Result "1-0"]
[WhiteElo "2257"]
[BlackElo "2145"]
[PlyCount "53"]
[EventDate "2014.??.??"]
[WhiteTeam "Stuttgarter SF 1879"]
[BlackTeam "SV Leonberg 1978 eV"]

1. d4 Nf6 2. c4 e6 3. Nc3 Bb4 4. e3 Ne4 5. Qc2 d5 6. Bd3 Nxc3 7. bxc3 dxc4 8.
Bxc4 Qg5 9. g3 Bd6 10. e4 Qa5 11. Ne2 b6 12. O-O Bb7 13. Bd3 h5 14. Rb1 Ba6 15.
c4 h4 16. e5 hxg3 17. Nxg3 Bf8 18. Bd2 Qa3 19. Be4 c6 20. d5 exd5 21. cxd5 Qe7
22. d6 Qh4 23. Bxc6+ Nd7 24. Bxd7+ Kxd7 25. Qf5+ Kc6 26. Rfc1+ Kd5 27. e6+ 1-0

[Event "Int. Stuttgarter Stadtmeisterschaft A"]
[Site "Ditzingen"]
[Date "2014.05.30"]
[Round "4.12"]
[White "Lorscheid, Gerhard"]
[Black "Weber, Klaus"]
[Result "1-0"]
[WhiteElo "2252"]
[BlackElo "2117"]
[PlyCount "57"]
[EventDate "2014.??.??"]
[WhiteTeam "Stuttgarter SF 1879"]
[BlackTeam "SV Tübingen 1870 e.V."]

1. d4 c6 2. c4 Nf6 3. Nc3 d5 4. e3 e6 5. Nf3 Bb4 6. Qc2 a6 7. Bd3 Nbd7 8. O-O
dxc4 9. Bxc4 b5 10. Be2 Bb7 11. a3 Be7 12. b4 a5 13. Rb1 axb4 14. axb4 Nb6 15.
Bd2 O-O 16. Ne5 Nfd7 17. Nd3 Nc4 18. Bc1 e5 19. Bf3 Qb6 20. Rd1 Rfd8 21. Ne4 f5
22. Ng3 g6 23. dxe5 Ndxe5 24. Nxe5 Rxd1+ 25. Bxd1 Nxe5 26. e4 fxe4 27. Nxe4 Bc8
28. Qc3 Nc4 29. Bh6 1-0

[Event "Int. Stuttgarter Stadtmeisterschaft A"]
[Site "Ditzingen"]
[Date "2014.05.30"]
[Round "4.13"]
[White "Ivanov, Stojan Emilov"]
[Black "Bluma, Marcel"]
[Result "0-1"]
[WhiteElo "2244"]
[BlackElo "2100"]
[PlyCount "74"]
[EventDate "2014.??.??"]
[BlackTeam "SC Ingersheim e.V."]

1. d4 d5 2. e3 Nf6 3. c4 e6 4. Nf3 c6 5. Nc3 Bd6 6. Qc2 O-O 7. Bd3 Nbd7 8. O-O
e5 9. cxd5 cxd5 10. e4 exd4 11. Nxd5 Nxd5 12. exd5 h6 13. Nxd4 Bxh2+ 14. Kxh2
Qh4+ 15. Kg1 Qxd4 16. Rd1 Qh4 17. g3 Qh3 18. Bf1 Qh5 19. Qe2 Qg6 20. Bf4 Nf6
21. Rd4 Re8 22. Qd2 Bg4 23. d6 Qh5 24. Re1 Rxe1 25. Qxe1 Re8 26. Qxe8+ Nxe8 27.
d7 Bxd7 28. Rxd7 Nf6 29. Rd8+ Kh7 30. Bd3+ g6 31. Be3 Ng4 32. Bxa7 Qa5 33. Ra8
b6 34. b4 Qd5 35. Rb8 Qxd3 36. Bxb6 Qb1+ 37. Kg2 Qxb4 0-1

[Event "Int. Stuttgarter Stadtmeisterschaft A"]
[Site "Ditzingen"]
[Date "2014.05.30"]
[Round "4.14"]
[White "M�ller, Philipp"]
[Black "Gabriel, Robert"]
[Result "0-1"]
[WhiteElo "2063"]
[BlackElo "2178"]
[PlyCount "82"]
[EventDate "2014.??.??"]
[WhiteTeam "SC Neckarsulm e.V."]
[BlackTeam "Stuttgarter SF 1879"]

1. e4 c5 2. Nf3 e6 3. c4 Nc6 4. d4 cxd4 5. Nxd4 Nf6 6. Nc3 Bb4 7. Nxc6 dxc6 8.
Qxd8+ Kxd8 9. Bd3 Bxc3+ 10. bxc3 e5 11. Rb1 Nd7 12. Be3 Kc7 13. f4 b6 14. f5 c5
15. g4 Nf6 16. g5 Ne8 17. Bf2 Nd6 18. Ke2 Ba6 19. h4 Bxc4 20. Bxc4 Nxc4 21. g6
hxg6 22. fxg6 f6 23. h5 Rad8 24. Be3 Nxe3 25. Kxe3 c4 26. Kf3 Rd3+ 27. Kg4 Kd6
28. Rbd1 Ke6 29. Rxd3 cxd3 30. Rd1 Rd8 31. Rd2 b5 32. h6 gxh6 33. Kh5 f5 34.
exf5+ Kxf5 35. g7 Ke4 36. Rf2 d2 37. g8=Q d1=Q+ 38. Qg4+ Qxg4+ 39. Kxg4 Rg8+
40. Kh5 Kd3 41. Rf7 e4 0-1

[Event "Int. Stuttgarter Stadtmeisterschaft A"]
[Site "Ditzingen"]
[Date "2014.05.30"]
[Round "4.15"]
[White "Vaysberg, Alexander"]
[Black "Scheeff, Volker"]
[Result "1-0"]
[WhiteElo "2178"]
[BlackElo "2098"]
[PlyCount "65"]
[EventDate "2014.??.??"]
[WhiteTeam "SG Ludwigsburg 1919"]
[BlackTeam "SK Schmiden/Cannstatt"]

1. e4 e6 2. d3 d5 3. Nd2 Nf6 4. Ngf3 Bc5 5. e5 Nfd7 6. c3 Bb6 7. g3 c5 8. Bg2
Nc6 9. Qe2 Qc7 10. c4 d4 11. Ne4 Ndxe5 12. Nxe5 Nxe5 13. Bf4 f6 14. O-O O-O 15.
h4 Bd7 16. a3 Bc6 17. b4 Qe7 18. Bxe5 fxe5 19. b5 Be8 20. a4 Bg6 21. a5 Bc7 22.
Ng5 Rab8 23. b6 axb6 24. axb6 Bxb6 25. Rfb1 Qd6 26. h5 Bf7 27. Qe4 g6 28. Rxb6
Qxb6 29. Qxe5 gxh5 30. Be4 Bg6 31. Nxe6 Kf7 32. Ng5+ Kg8 33. Bd5+ 1-0

[Event "Int. Stuttgarter Stadtmeisterschaft A"]
[Site "Ditzingen"]
[Date "2014.05.30"]
[Round "4.16"]
[White "Ludwig, Sebastian"]
[Black "Br�uner, Uwe"]
[Result "0-1"]
[WhiteElo "2051"]
[BlackElo "2163"]
[PlyCount "120"]
[EventDate "2014.??.??"]
[WhiteTeam "SV Stuttgart-Wolfbusch 1956 e.V."]
[BlackTeam "SF Pfullingen"]

1. d4 Nf6 2. c4 e6 3. Nc3 Bb4 4. f3 c5 5. a3 Bxc3+ 6. bxc3 d6 7. e4 e5 8. d5
Nbd7 9. Bd3 Nf8 10. Ne2 Ng6 11. O-O O-O 12. f4 exf4 13. Nxf4 Ne5 14. Bc2 b6 15.
Nd3 Nfg4 16. Rf4 Nxd3 17. Bxd3 Ne5 18. Ra2 f6 19. Qf1 Qe8 20. g3 Qa4 21. h4 Ba6
22. Raf2 Bxc4 23. Bxc4 Qxc4 24. Qxc4 Nxc4 25. h5 h6 26. Rg4 Ne5 27. Rh4 Nd3 28.
Rf1 Nxc1 29. Rxc1 Rfe8 30. Kf2 Re5 31. Kf3 Rae8 32. c4 f5 33. exf5 Rxf5+ 34.
Rf4 Rxh5 35. a4 Rhe5 36. a5 Re3+ 37. Kf2 b5 38. cxb5 Rb3 39. b6 axb6 40. axb6
Rxb6 41. Ra1 Rb2+ 42. Kf3 Rd2 43. Rf5 Rf8 44. Rxf8+ Kxf8 45. Ke4 Rd4+ 46. Kf5
Rxd5+ 47. Ke6 Re5+ 48. Kxd6 Rg5 49. Rf1+ Kg8 50. Rf3 Kh7 51. Rc3 Kg6 52. Ke6
Kh5 53. Ke7 Kg4 54. Kf7 Kh3 55. Ke6 h5 56. Ke7 Rxg3 57. Rxc5 h4 58. Ke6 g5 59.
Kf5 g4 60. Rc2 Rf3+ 0-1

[Event "Int. Stuttgarter Stadtmeisterschaft A"]
[Site "Ditzingen"]
[Date "2014.05.30"]
[Round "4.17"]
[White "Schwarz, Larissa"]
[Black "Bergauz, Noam"]
[Result "0-1"]
[WhiteElo "1896"]
[BlackElo "2147"]
[PlyCount "138"]
[EventDate "2014.??.??"]
[WhiteTeam "TSV Schott Mainz"]
[BlackTeam "SK M�nchen S�dost e.V."]

1. e4 e6 2. d4 d5 3. Nd2 Nf6 4. e5 Nfd7 5. Bd3 c5 6. c3 Nc6 7. Ne2 cxd4 8. cxd4
f6 9. exf6 Qxf6 10. Nf3 h6 11. O-O Bd6 12. Bb1 O-O 13. Ng3 Rd8 14. Qd3 Nf8 15.
Re1 Bd7 16. a3 Rac8 17. Bd2 Be8 18. Bc3 Bc7 19. Qe2 Bb6 20. Qd2 Rd7 21. Bd3 Bf7
22. Bb5 Ng6 23. Nh5 Qf5 24. Ng3 Qf4 25. Qxf4 Nxf4 26. Ne2 Nh5 27. Ne5 Rdc7 28.
Nxf7 Kxf7 29. Rad1 Nf6 30. Nf4 Re7 31. Bd3 g5 32. Ng6 Ree8 33. Ne5+ Nxe5 34.
Rxe5 Bc7 35. Re2 Bd6 36. Rc1 Nd7 37. Bb5 Re7 38. Rce1 Nf6 39. Bd2 Ne4 40. Bb4
Rec7 41. Bxd6 Nxd6 42. Bd3 Rc1 43. Kf1 Rxe1+ 44. Rxe1 Nc4 45. Re2 Na5 46. Re3
Nc6 47. Rh3 Nxd4 48. f4 gxf4 49. Rxh6 Rg8 50. Rh7+ Rg7 51. Rh4 e5 52. Rh5 Kf6
53. Rh6+ Ke7 54. Rh5 Nc6 55. Bb5 Kd6 56. Rh6+ Kc5 57. Bxc6 bxc6 58. Re6 Rg5 59.
Re7 a6 60. Kf2 Rh5 61. h3 Rf5 62. Rb7 e4 63. b4+ Kc4 64. Rb6 Rf6 65. Rxa6 d4
66. Ra5 d3 67. Rc5+ Kd4 68. a4 e3+ 69. Kf3 Rg6 0-1

[Event "Int. Stuttgarter Stadtmeisterschaft A"]
[Site "Ditzingen"]
[Date "2014.05.30"]
[Round "4.18"]
[White "Gheng, Josef"]
[Black "Schmidt, Tobias"]
[Result "1-0"]
[WhiteElo "2327"]
[BlackElo "2005"]
[PlyCount "105"]
[EventDate "2014.??.??"]
[WhiteTeam "SC Erdmannhausen"]
[BlackTeam "SC Erdmannhausen"]

1. c4 e5 2. Nc3 Nf6 3. Nf3 Nc6 4. g3 d5 5. cxd5 Nxd5 6. d3 Be7 7. Bg2 Nb6 8.
O-O O-O 9. a3 Be6 10. b4 a6 11. Bb2 f6 12. Rc1 Qc8 13. Na4 Nxa4 14. Qxa4 Bh3
15. d4 Bxg2 16. Qb3+ Kh8 17. Kxg2 exd4 18. Bxd4 Qf5 19. Bb2 Rfe8 20. Rc4 Bd6
21. Re1 Re7 22. Nh4 Qe6 23. Qc2 Be5 24. Bxe5 Qxe5 25. e4 Rd8 26. Rc5 Qe6 27.
Nf3 Qd7 28. Rd5 Qe8 29. Red1 Red7 30. Qc5 Ne7 31. Rxd7 Rxd7 32. Rxd7 Qxd7 33.
Nd4 h6 34. h4 Kh7 35. h5 Qd6 36. Qxd6 cxd6 37. f4 g6 38. hxg6+ Kxg6 39. Kf3 d5
40. f5+ Kf7 41. Ne6 b6 42. Nc7 a5 43. Nxd5 Nc6 44. Ke3 axb4 45. Nxb4 Ne5 46.
Kd4 Nf3+ 47. Kd5 Ne5 48. Nc6 Nd7 49. e5 Nc5 50. e6+ Ke8 51. Nb4 Na4 52. Kc6 h5
53. Nd5 1-0

[Event "Int. Stuttgarter Stadtmeisterschaft A"]
[Site "Ditzingen"]
[Date "2014.05.30"]
[Round "4.19"]
[White "Willems, Sebastian"]
[Black "Baskin, Robert"]
[Result "1/2-1/2"]
[WhiteElo "2006"]
[BlackElo "2205"]
[PlyCount "62"]
[EventDate "2014.??.??"]
[WhiteTeam "SC B�blingen 1975 e.V."]
[BlackTeam "SAbt TuS Makkabi Ffm"]

1. c4 e5 2. Nc3 Nf6 3. g3 d5 4. cxd5 Nxd5 5. Bg2 Nb6 6. Nf3 Nc6 7. O-O Be7 8.
d3 O-O 9. Be3 Be6 10. Rc1 f5 11. Na4 Nxa4 12. Qxa4 Bf6 13. b4 a6 14. a3 Nd4 15.
Bxd4 exd4 16. Qc2 c6 17. Qc5 Re8 18. Rfe1 g6 19. Qc2 Qd7 20. Nd2 Re7 21. Nb3
Bf7 22. Nc5 Qd6 23. Nxb7 Rxb7 24. Qxc6 Qxc6 25. Bxc6 Rbb8 26. Bxa8 Rxa8 27. Rc6
Bg5 28. f4 Be7 29. Rec1 Be8 30. Rc8 Rxc8 31. Rxc8 Kf7 1/2-1/2

[Event "Int. Stuttgarter Stadtmeisterschaft A"]
[Site "Ditzingen"]
[Date "2014.05.30"]
[Round "4.21"]
[White "Wittmann, Ralf"]
[Black "Wei�beck, Simon"]
[Result "0-1"]
[WhiteElo "2184"]
[BlackElo "1999"]
[PlyCount "54"]
[EventDate "2014.??.??"]
[WhiteTeam "Stuttgarter SF 1879"]
[BlackTeam "Heilbronner SV"]

1. Nf3 Nf6 2. c4 g6 3. b4 Bg7 4. Bb2 O-O 5. g3 d6 6. Bg2 c6 7. O-O e5 8. d3 Be6
9. Ng5 Nbd7 10. Nxe6 fxe6 11. Nd2 d5 12. a4 Qb6 13. a5 Qc7 14. e4 b5 15. Qc2
bxc4 16. dxc4 Rac8 17. Rad1 c5 18. exd5 exd5 19. cxd5 cxb4 20. Qb3 Qxa5 21. Ra1
Qb5 22. Bh3 Nc5 23. Qc4 Qxc4 24. Nxc4 Rcd8 25. Rfd1 Nfe4 26. Bg2 Nc3 27. Rd2
Nb3 0-1

[Event "Int. Stuttgarter Stadtmeisterschaft A"]
[Site "Ditzingen"]
[Date "2014.05.30"]
[Round "4.22"]
[White "Eulering, Georg"]
[Black "Unger, Franz"]
[Result "1-0"]
[WhiteElo "2143"]
[BlackElo "1969"]
[PlyCount "73"]
[EventDate "2014.??.??"]
[WhiteTeam "SF Schlebusch"]
[BlackTeam "SK Sachsenheim"]

1. e4 e5 2. Nf3 d6 3. d4 exd4 4. Nxd4 Nf6 5. Nc3 Be7 6. Be2 O-O 7. O-O Re8 8.
f4 Bf8 9. Bf3 c5 10. Nb3 Nc6 11. g4 h6 12. Rf2 b5 13. e5 Nxg4 14. Bxg4 b4 15.
Bf3 Bb7 16. Ne4 c4 17. Nbd2 dxe5 18. Nxc4 Qxd1+ 19. Bxd1 Rad8 20. Bf3 f5 21.
Bh5 Re6 22. fxe5 Nxe5 23. Rxf5 Nxc4 24. Bf7+ Kh7 25. Bxe6 Bxe4 26. Rb5 Bxc2 27.
Bxc4 Rc8 28. b3 Bc5+ 29. Rxc5 Rxc5 30. Be3 Ra5 31. Bd2 Re5 32. Bxb4 a5 33. Bd2
a4 34. bxa4 Bxa4 35. Re1 Rc5 36. Bd3+ Kg8 37. Rc1 1-0

[Event "Int. Stuttgarter Stadtmeisterschaft A"]
[Site "Ditzingen"]
[Date "2014.05.30"]
[Round "4.23"]
[White "Zikeli, Saskia"]
[Black "Sand, Rolf"]
[Result "1-0"]
[WhiteElo "2109"]
[BlackElo "1946"]
[PlyCount "39"]
[EventDate "2014.??.??"]
[WhiteTeam "SC Ingersheim e.V."]
[BlackTeam "SV T�bingen 1870 e.V."]

1. e4 c5 2. Nf3 d6 3. d4 cxd4 4. Nxd4 Nf6 5. Nc3 a6 6. Bg5 e6 7. f4 h6 8. Bh4
Be7 9. Qf3 Qc7 10. Bxf6 Bxf6 11. O-O-O Bxd4 12. Rxd4 Nc6 13. Rd2 b5 14. Qg3 O-O
15. Bd3 b4 16. Ne2 a5 17. f5 e5 18. f6 g6 19. Bc4 Nd4 20. Qxg6+ 1-0

[Event "Int. Stuttgarter Stadtmeisterschaft A"]
[Site "Ditzingen"]
[Date "2014.05.30"]
[Round "4.24"]
[White "Zeh, Dominik"]
[Black "Schwab, Matthias"]
[Result "1/2-1/2"]
[WhiteElo "1934"]
[BlackElo "2102"]
[PlyCount "56"]
[EventDate "2014.??.??"]
[WhiteTeam "Stuttgarter SF 1879"]
[BlackTeam "SC B�blingen 1975 e.V."]

1. d4 Nf6 2. Bg5 Ne4 3. Bf4 c5 4. f3 Nf6 5. d5 d6 6. e4 g6 7. Nc3 Bg7 8. Qd2 a6
9. Bh6 O-O 10. Bxg7 Kxg7 11. g4 e5 12. Nge2 Ne8 13. Ng3 Qh4 14. Qf2 Kh8 15.
O-O-O Ng7 16. Qe3 b5 17. Be2 f6 18. Rdf1 Qg5 19. Qxg5 fxg5 20. h4 gxh4 21. Rxh4
Ra7 22. Nd1 Raf7 23. Ne3 Ne8 24. Kd2 Kg7 25. Rfh1 Kh8 26. Rf1 Nf6 27. Ra1 Rb7
28. a4 b4 1/2-1/2

[Event "Int. Stuttgarter Stadtmeisterschaft A"]
[Site "Ditzingen"]
[Date "2014.05.30"]
[Round "4.26"]
[White "Wohlfahrt, Michael"]
[Black "Koch, Martin"]
[Result "0-1"]
[WhiteElo "1834"]
[BlackElo "2066"]
[PlyCount "122"]
[EventDate "2014.??.??"]
[WhiteTeam "TSF Welzheim"]
[BlackTeam "SC Schachmatt Botnang"]

1. e4 c5 2. Nf3 e6 3. Nc3 d6 4. d4 cxd4 5. Nxd4 Nf6 6. Bb5+ Nbd7 7. O-O a6 8.
Bd3 Be7 9. a4 b6 10. Nc6 Qc7 11. Nxe7 Kxe7 12. Re1 Re8 13. Bf4 Kf8 14. Bxa6 e5
15. Bxc8 Rexc8 16. Bg3 Kg8 17. Re2 Qc6 18. f3 Nc5 19. Rd2 Ne8 20. Nd5 Kf8 21.
b3 Na6 22. Bf2 Rab8 23. c4 Nac7 24. Ne3 g6 25. Qf1 Ne6 26. Nd5 N6c7 27. Nb4 Qb7
28. Be3 Kg7 29. Rad1 Ne6 30. Nd5 Nc5 31. Rb2 Rd8 32. Qf2 f6 33. g4 Nc7 34. Nc3
Qc6 35. h4 h6 36. Qd2 g5 37. Kg2 N7e6 38. Nd5 Nf4+ 39. Bxf4 gxf4 40. Ne7 Qc7
41. Nf5+ Kh7 42. Kh3 Rd7 43. Qc3 Ne6 44. Rbd2 Rbd8 45. Rd5 h5 46. gxh5 Ng7 47.
Rg1 Nxf5 48. exf5 Rg7 49. Rg6 Qe7 50. Qd3 Rd7 51. Qe4 Qe8 52. Rd2 Qc8 53. Rd5
Qc7 54. Qe2 Qc6 55. Qg2 Qc7 56. h6 Rgf7 57. h5 Qc6 58. Rg7+ Rxg7 59. hxg7 Rxg7
60. Qd2 Qe8 61. Qf2 Qxh5+ 0-1

[Event "Int. Stuttgarter Stadtmeisterschaft A"]
[Site "Ditzingen"]
[Date "2014.05.30"]
[Round "4.27"]
[White "Flick, Antoine"]
[Black "Novak, Josua"]
[Result "1/2-1/2"]
[WhiteElo "2045"]
[BlackElo "1914"]
[PlyCount "76"]
[EventDate "2014.??.??"]
[BlackTeam "TSV M�nchingen"]

1. d4 Nf6 2. Nf3 c5 3. d5 b5 4. c4 g6 5. Bg5 Bg7 6. Qc2 d6 7. Nbd2 O-O 8. e4
Re8 9. Bd3 bxc4 10. Nxc4 Nbd7 11. O-O Rb8 12. Rad1 Ba6 13. Rfe1 Bxc4 14. Bxc4
Ng4 15. b3 Qa5 16. Bd2 Qa3 17. Bc1 Qb4 18. h3 Nge5 19. Nd2 Nxc4 20. Nxc4 Ne5
21. Ne3 a5 22. f4 Nd7 23. Nc4 a4 24. e5 axb3 25. axb3 Bf8 26. Re3 dxe5 27. fxe5
Bh6 28. Rf3 Bg7 29. Qe2 Nb6 30. Ba3 Qb5 31. Qf1 Rf8 32. Bc1 Rbd8 33. Nxb6 Qxb6
34. Bb2 Qb7 35. Qc4 Qb4 36. Qxb4 cxb4 37. Rf4 Rb8 38. Ra1 Rb5 1/2-1/2

[Event "Int. Stuttgarter Stadtmeisterschaft A"]
[Site "Ditzingen"]
[Date "2014.05.30"]
[Round "4.28"]
[White "Cummings, Orlyn"]
[Black "Cerasi, Umberto"]
[Result "1/2-1/2"]
[WhiteElo "1873"]
[BlackElo "2019"]
[PlyCount "64"]
[EventDate "2014.??.??"]
[WhiteTeam "SC Ingersheim e.V."]

1. e4 e6 2. d4 d5 3. Nd2 c5 4. Ngf3 cxd4 5. exd5 Qxd5 6. Nb3 Nc6 7. Nfxd4 a6 8.
Be2 Nxd4 9. Nxd4 Nf6 10. Bf3 Qc5 11. Be2 Qc7 12. O-O Bd6 13. h3 Bd7 14. Re1 O-O
15. Bd3 e5 16. Nf5 Bxf5 17. Bxf5 g6 18. Bg5 Ne8 19. Be4 Ng7 20. Qd5 Rac8 21.
Rad1 Be7 22. Bxe7 Qxe7 23. Qxb7 Qxb7 24. Bxb7 Rxc2 25. Bxa6 Rxb2 26. a4 Rb4 27.
Bb5 f6 28. Rd6 Nf5 29. Rd7 Nd4 30. Rb7 Ra8 31. f4 Raxa4 32. Bxa4 Rxb7 1/2-1/2

[Event "Int. Stuttgarter Stadtmeisterschaft A"]
[Site "Ditzingen"]
[Date "2014.05.30"]
[Round "4.29"]
[White "Cummings, Nicolai"]
[Black "Dudek, Richard"]
[Result "0-1"]
[WhiteElo "1957"]
[BlackElo "2262"]
[PlyCount "72"]
[EventDate "2014.??.??"]
[WhiteTeam "SC Ingersheim e.V."]
[BlackTeam "SC Eppingen"]

1. d4 Nf6 2. c4 e6 3. Nf3 b6 4. g3 Bb7 5. Bg2 Be7 6. O-O O-O 7. Nc3 Ne4 8. Nxe4
Bxe4 9. Nh4 Bxg2 10. Nxg2 d5 11. b3 Bf6 12. Bb2 c5 13. cxd5 Qxd5 14. e3 cxd4
15. Nf4 Qf5 16. Nh5 Nc6 17. Rc1 Rac8 18. Nxf6+ Qxf6 19. Bxd4 Nxd4 20. Qxd4 Qxd4
21. exd4 Rfd8 22. Rxc8 Rxc8 23. Rd1 Kf8 24. Rd2 Ke7 25. f4 Kd6 26. Kf2 Kd5 27.
Ke3 Rc3+ 28. Ke2 h5 29. Kf2 a5 30. Ke2 Ke4 31. Kf2 Kd5 32. Ke2 h4 33. Kf2 h3
34. Ke2 Ke4 35. Kf2 b5 36. Ke2 Rc1 0-1

[Event "Int. Stuttgarter Stadtmeisterschaft A"]
[Site "Ditzingen"]
[Date "2014.05.30"]
[Round "4.30"]
[White "Gibicar, Marc"]
[Black "Einwiller, Dieter"]
[Result "1-0"]
[WhiteElo "1917"]
[BlackElo "2146"]
[PlyCount "99"]
[EventDate "2014.??.??"]
[BlackTeam "SF Pfullingen"]

1. d4 d5 2. Nf3 Nf6 3. g3 e6 4. Bg2 b5 5. a4 b4 6. c4 Bb7 7. cxd5 exd5 8. O-O
Bd6 9. Nbd2 Nbd7 10. Nb3 a5 11. Bg5 h6 12. Bxf6 Qxf6 13. Qd3 c6 14. Nh4 O-O 15.
Qf5 Rfd8 16. e4 dxe4 17. Bxe4 g6 18. Qf3 Qxf3 19. Nxf3 f5 20. Bd3 c5 21. Nfd2
cxd4 22. Rfe1 Ne5 23. Bc4+ Kg7 24. Nxd4 Kf6 25. Rad1 Re8 26. Bb5 Re7 27. N2b3
Bf3 28. Ne2 Bc7 29. Rc1 Bb6 30. Red1 Nf7 31. Rd2 Rd8 32. Rxd8 Bxd8 33. Ned4 Bb7
34. Bc6 Bb6 35. Bxb7 Rxb7 36. Rc6+ Kg7 37. Ne6+ Kg8 38. Nbc5 Bxc5 39. Nxc5 Ra7
40. Rxg6+ Kh7 41. Rf6 Kg7 42. Rxf5 Nd6 43. Rf4 Kg6 44. Nb3 Ra6 45. Rd4 Kf6 46.
Kg2 Ke5 47. Rh4 Nb7 48. Kf3 Rf6+ 49. Ke3 Kd5 50. Rh5+ 1-0

[Event "Int. Stuttgarter Stadtmeisterschaft A"]
[Site "Ditzingen"]
[Date "2014.05.30"]
[Round "4.31"]
[White "Br�unlin, Klaus"]
[Black "Marano, Salvatore"]
[Result "1-0"]
[WhiteElo "2145"]
[BlackElo "1943"]
[PlyCount "89"]
[EventDate "2014.??.??"]
[WhiteTeam "TG Biberach"]

1. e4 g6 2. d4 Bg7 3. Nc3 c5 4. Nf3 Qa5 5. Bc4 Nf6 6. O-O cxd4 7. Nxd4 O-O 8.
Qe2 Nc6 9. Nf3 d6 10. h3 a6 11. Bb3 h6 12. Bd2 Qh5 13. Rfe1 g5 14. Nd5 e6 15.
Nxf6+ Bxf6 16. c3 Qg6 17. Nh2 e5 18. Bd1 Be6 19. g4 d5 20. exd5 Bxd5 21. Rc1
Rfe8 22. Be3 Qe4 23. f3 Qc4 24. b3 Qxe2 25. Bxe2 Ne7 26. c4 Bc6 27. Rcd1 Ng6
28. Bd3 Nf4 29. Bxf4 exf4 30. Be4 Bc3 31. Re2 Rad8 32. Rxd8 Rxd8 33. Bxc6 Rd1+
34. Kg2 bxc6 35. Nf1 Kf8 36. Rc2 Rd3 37. Kf2 Bb4 38. Ke2 Rd6 39. Nd2 Bxd2 40.
Rxd2 Re6+ 41. Kf2 Kg7 42. Rd3 Kf6 43. c5 Ke7 44. b4 Ke8 45. Ra3 1-0

[Event "Int. Stuttgarter Stadtmeisterschaft A"]
[Site "Ditzingen"]
[Date "2014.05.30"]
[Round "4.32"]
[White "D�lker, Kai"]
[Black "Hoeschele, Hans-Ulrich"]
[Result "0-1"]
[WhiteElo "1907"]
[BlackElo "2095"]
[PlyCount "66"]
[EventDate "2014.??.??"]
[WhiteTeam "SV Stuttgart-Wolfbusch 1956 e.V."]
[BlackTeam "Stuttgarter SF 1879"]

1. f4 d5 2. Nf3 g6 3. d3 Bg7 4. Nbd2 d4 5. e4 dxe3 6. Nc4 Nc6 7. Bxe3 Nh6 8.
Be2 Nf5 9. Bf2 Nfd4 10. c3 Nxe2 11. Qxe2 O-O 12. O-O b6 13. Rae1 e6 14. Nce5
Bb7 15. Nd4 Nxd4 16. Bxd4 c5 17. Bf2 Qd5 18. Bh4 Ba6 19. Rf3 Bb7 20. Rh3 f6 21.
Nc4 Rae8 22. Re3 Bc8 23. Bg3 b5 24. Nd2 Qxa2 25. Ne4 Qd5 26. c4 bxc4 27. dxc4
Qc6 28. Ra1 f5 29. Nf2 a6 30. Kh1 e5 31. Nd1 exf4 32. Bxf4 Bd4 33. Re7 Rxe7 0-1

[Event "Int. Stuttgarter Stadtmeisterschaft A"]
[Site "Ditzingen"]
[Date "2014.05.30"]
[Round "4.34"]
[White "Andreev, Vlad"]
[Black "Streicher, Traugott"]
[Result "1-0"]
[WhiteElo "2046"]
[BlackElo "1920"]
[PlyCount "37"]
[EventDate "2014.??.??"]
[WhiteTeam "SF Pfullingen"]
[BlackTeam "TSG Steinheim"]

1. d4 Nf6 2. c4 c5 3. d5 b5 4. Qc2 g6 5. e4 d6 6. Nc3 a6 7. cxb5 Bg7 8. Nf3 O-O
9. h3 e6 10. dxe6 fxe6 11. Be3 Qa5 12. Bd2 axb5 13. Nxb5 Qb6 14. Be2 Bb7 15.
Nc3 d5 16. exd5 exd5 17. O-O Nc6 18. Na4 Nb4 19. Qxc5 1-0

[Event "Int. Stuttgarter Stadtmeisterschaft A"]
[Site "Ditzingen"]
[Date "2014.05.30"]
[Round "4.35"]
[White "Bissbort, Julian"]
[Black "Heeke, Guido"]
[Result "1/2-1/2"]
[WhiteElo "2042"]
[BlackElo "1907"]
[PlyCount "156"]
[EventDate "2014.??.??"]
[WhiteTeam "Heilbronner SV"]
[BlackTeam "SV Letmathe 1933 e.V."]

1. g3 d6 2. Bg2 f5 3. d4 g6 4. Nf3 Nf6 5. c3 c6 6. Nbd2 Bg7 7. O-O O-O 8. Qb3+
Kh8 9. Ng5 Qe8 10. Ne6 Bxe6 11. Qxe6 Qf7 12. Qe3 Nbd7 13. Nf3 h6 14. Qf4 Ne4
15. Qh4 h5 16. Ng5 Nxg5 17. Bxg5 Bf6 18. e4 e6 19. exf5 exf5 20. d5 c5 21. Rfe1
Rae8 22. Bxf6+ Nxf6 23. Qf4 b6 24. Rxe8 Rxe8 25. Qxd6 Qe7 26. Qf4 Kg7 27. Rd1
Qe2 28. Bf3 Qc2 29. Qc7+ Kh6 30. Qf4+ Kg7 31. Qd2 Qxd2 32. Rxd2 Nd7 33. Be2 Ne5
34. f4 Nf7 35. Kf2 Nd6 36. Bd3 Kf7 37. Re2 Re7 38. b3 Rxe2+ 39. Kxe2 Ke7 40.
Ke3 Ne8 41. Be2 Kd6 42. c4 Nf6 43. Bf3 a5 44. Kf2 Kd7 45. Kg2 Ke7 46. Kh3 Ne8
47. Kh4 Kf6 48. h3 Nd6 49. Bg2 Nf7 50. g4 hxg4 51. hxg4 Nd6 52. g5+ Kf7 53. Kg3
Ke7 54. Kf2 Kd7 55. Ke3 Ke7 56. Kd3 Nc8 57. Kc3 Kd6 58. Bf3 Ne7 59. Kb2 Nc8 60.
Ka3 Ke7 61. Ka4 Nd6 62. a3 Ke8 63. b4 axb4 64. axb4 Ke7 65. bxc5 bxc5 66. Ka5
Nxc4+ 67. Kb5 Nd2 68. Be2 Ne4 69. Kc6 Nf2 70. d6+ Kd8 71. Bf1 c4 72. Bxc4 Nh3
73. Bf7 Nxf4 74. d7 Nh3 75. Bxg6 f4 76. Bf5 Nxg5 77. Bg4 f3 78. Bxf3 Nxf3
1/2-1/2

[Event "Int. Stuttgarter Stadtmeisterschaft A"]
[Site "Ditzingen"]
[Date "2014.05.30"]
[Round "4.36"]
[White "Quernheim, Daniel"]
[Black "Paschmann, Stefan"]
[Result "1-0"]
[WhiteElo "2013"]
[BlackElo "1903"]
[PlyCount "57"]
[EventDate "2014.??.??"]
[WhiteTeam "SC Schachmatt Botnang"]
[BlackTeam "Krefelder SK Turm 1851 e"]

1. d4 d5 2. c4 c6 3. Nf3 Nf6 4. Nc3 Bf5 5. Bf4 dxc4 6. a4 e6 7. Ne5 Bb4 8. f3
Nd5 9. Qd2 Nxf4 10. Qxf4 b5 11. axb5 cxb5 12. Kf2 Bxc3 13. bxc3 O-O 14. e4 Bg6
15. h4 f6 16. Nxg6 hxg6 17. Be2 a6 18. Rhd1 Qb6 19. Kf1 Rd8 20. Rdb1 Qc6 21.
Qg3 Kf7 22. f4 Nd7 23. Bf3 Nb6 24. f5 gxf5 25. exf5 Nd5 26. Qg6+ Kg8 27. Re1
exf5 28. Bxd5+ Qxd5 29. Re7 1-0

[Event "Int. Stuttgarter Stadtmeisterschaft A"]
[Site "Ditzingen"]
[Date "2014.05.30"]
[Round "4.37"]
[White "M�ller, Anja"]
[Black "Baumeister, J�rgen"]
[Result "1-0"]
[WhiteElo "1967"]
[BlackElo "1895"]
[PlyCount "143"]
[EventDate "2014.??.??"]
[WhiteTeam "SC Ingersheim e.V."]
[BlackTeam "SC Asperg"]

1. d4 d5 2. c4 e6 3. Nc3 c6 4. cxd5 exd5 5. Bf4 Bg4 6. Qc2 Bd6 7. Bg3 Nf6 8.
Nf3 O-O 9. e3 Re8 10. Bd3 h6 11. Bxd6 Qxd6 12. h3 Be6 13. O-O Nbd7 14. b4 Re7
15. Rab1 a6 16. Na4 Ne4 17. Nc5 Ndxc5 18. bxc5 Qd7 19. Ne5 Qc8 20. Bxe4 dxe4
21. Qxe4 Bf5 22. Qh4 f6 23. e4 Bh7 24. f3 Qd8 25. Ng4 Qxd4+ 26. Qf2 Rd8 27.
Qxd4 Rxd4 28. Rfd1 Rxd1+ 29. Rxd1 f5 30. exf5 Bxf5 31. Kf2 h5 32. Ne3 Be6 33.
a3 g5 34. Rd4 Kg7 35. h4 gxh4 36. Rxh4 Kg6 37. Re4 Kf6 38. g4 hxg4 39. fxg4 Rg7
40. Rf4+ Ke5 41. Kg3 Rf7 42. Rb4 Rd7 43. Kf3 Rd3 44. Re4+ Kf6 45. g5+ Kxg5 46.
Rxe6 Rxa3 47. Re5+ Kf6 48. Kf4 Rb3 49. Nc4 Rb4 50. Re4 a5 51. Nb6 Rb5 52. Nd7+
Kf7 53. Ke3 Rb3+ 54. Kd2 Rh3 55. Re3 Rxe3 56. Kxe3 Ke6 57. Nb6 Ke5 58. Kd3 Kf4
59. Kc4 Ke4 60. Kb3 Kd4 61. Nd7 Kd5 62. Ka4 Ke6 63. Nb6 Ke5 64. Kxa5 Ke4 65.
Nd7 Kd5 66. Kb6 Ke6 67. Nf8+ Kd5 68. Ng6 Kd4 69. Nf4 Kc4 70. Ne6 Kd5 71. Nd8
Kc4 72. Nxb7 1-0